000 00788nam a22002297a 4500
999 _c16022
_d16022
003 AR-CdUCM
008 190328b ||||| |||| 00| 0 eng d
020 _a84-204-5833-3
040 _aMUNICIPALIDAD PROVINCIAL DEL CUSCO
_cBIBLIOTECA MUNICIPAL DEL CUSCO
082 _aPI / 803 /
_bL65
100 _aLindo, Elvira.
_935291
245 _aAmigos del alma :
_bDerecho a crecer al amparo de una familia /
260 _aEspaña :
_bAlfaguara,
_bUnicef,
_c2000.
300 _a31 páginas ;
_bilustraciones a color,
_c28 cm.
440 _aColección derechos del niño.
_n6
_935292
505 _aContenido : Cuentos.
650 _aCuentos infantiles.
_93927
650 _aSiglo XX
_98
700 _aUrberuaga, Emilio (ilustraciones)
_935293
942 _2ddc
_cLIBROS
945 _arum
_d2019-04-30